| 000 | 01813nam a2200373 i 4500 | ||
|---|---|---|---|
| 003 | EG-ScBUE | ||
| 005 | 20240212111921.0 | ||
| 008 | 190620s2018 ua a f 000 0 ara d | ||
| 017 | _a2017 / 25213 | ||
| 020 | _a9789772815845 (مج. 1) | ||
| 020 | _a9789772815852 (مج. 2) | ||
| 020 | _a9789772815869 (مج. 3) | ||
| 020 | _a9789772815876 (مج. 4) | ||
| 040 |
_aEG-ScBUE _bara _erda _cEG-ScBUE _dEG-ScBUE |
||
| 043 | _af-ua--- | ||
| 082 | 0 | 4 |
_a962.053 _bب ك ر _222 |
| 100 | 1 |
_aبكري، مصطفى، _d1956- _eمؤلف. |
|
| 245 | 1 | 0 |
_aناصر 67 : _bهزيمة .. الهزيمة / _cمصطفى بكري. |
| 250 | _aالطبعة الأولى. | ||
| 264 |
_aالجيزة، مصر : _bالمكتبة الأكاديمية، _c2018. |
||
| 300 |
_a4 مجلدات ؛ _c22 سم |
||
| 336 |
_2rdacontent _aنص _btxt |
||
| 337 |
_aبدون وسيط _2rdamedia _bn |
||
| 338 |
_aمجلد _bnc _2rdacarrier |
||
| 500 | _aيشتمل على ملاحق. | ||
| 505 | 0 | _aالمجلد الأول. من النكسة إلى الأزمة : قراءة في المحاضر السرية لأحداث ما بعد 67 -- المجلد الثاني. المواجهة والتحدي : قراءة في المحاضر السرية -- المجلد الثالث. قضية الحرية والحياة الحزبية : قراءة في المحاضر السرية -- المجلد الرابع. التحديات الاجتماعية والاقتصادية : قراءة في المحاضر السرية. | |
| 541 |
_aMr. Farid Khamis ; _cDonation ; |
||
| 600 | 1 | 7 |
_aعبد الناصر، جمال، _d1918-1970. _2BUEsh |
| 650 | _2BUEsh | ||
| 651 | 7 |
_aمصر _xتاريخ _yالعصر الحديث _yجمال عبد الناصر، 1954-1970. _2BUEsh |
|
| 653 |
_bBUSBOL _cJune2019 |
||
| 655 | _vReading book | ||
| 942 | _2ddc | ||
| 999 |
_c27559 _d27530 |
||